000 00553nam a2200193Ia 4500
005 20250508152640.0
008 008 250505s9999 xx 000 0 eng d
037 _aTextual
040 _aFEDL
_beng
_cFEDL
041 _aeng
_2eng
084 _a330.545, RAJ
_qFEDL
100 _aRaj K.N.
_9762054
245 0 _aSome economic aspects of the bhakra nangal project
260 _aBombay, India
_bAsia Publishing House
_c1960
300 _avii,140p.
650 _aEconomics
942 _cTEXL
_h330.545, RAJ
999 _c1337801
_d1337801